| 000 | 00830nam a2200217 a 4500 | ||
|---|---|---|---|
| 005 | 20231128063926.0 | ||
| 008 | 991125n1995 mx 000 0 spa u | ||
| 020 | _a9682962781 | ||
| 035 | _aUPN01000051249 | ||
| 049 | _aCG | ||
| 050 | 4 |
_aF1220 _bI5.8 |
|
| 110 | 2 | _aInstituto Nacional Indigenista (México) | |
| 245 | 1 | 0 |
_aRegión Sureste. Choles, Lacandones, la tierra prometida, Tejolabales, Tzotziles y Tzeltales, Zoques de Chiapas / _cInstituto Nacional Indigenista. |
| 260 |
_aMéxico : _bINI : _bSEDESOL, _c[1995]. |
||
| 300 |
_a276 p. : _bil. |
||
| 440 | 0 |
_aEtnografía contemporánea de los pueblos indígenas de México ; _v8 |
|
| 650 | 4 |
_aIndígenas de México _xCultura _95206 |
|
| 650 | 4 |
_aIndígenas de México _xHistoria _912765 |
|
| 650 | 4 |
_aIndígenas de México _xVida social y costumbres _95132 |
|
| 905 | _aLibro | ||
| 999 |
_c51249 _d51249 |
||